Vplyv transnacionálnych korporácií na nezávislý maloobchod na európskom vnútornom trhu dizertačná práca

Guardado en:
Detalles Bibliográficos
Autor principal: Ožvoldová, Katarína, 1984-
Autor Corporativo: Ekonomická univerzita v Bratislave. Obchodná fakulta
Otros Autores: Štofilová, Jana
Formato: Libro
Lenguaje:eslovaco
Publicado: Bratislava 2010
Materias:
Etiquetas: Agregar Etiqueta
Sin Etiquetas, Sea el primero en etiquetar este registro!

MARC

LEADER 00000nam$a2200000$$$4500
001 0116806
005 20240502072312.9
041 0 |a slo 
044 |a SK 
245 1 0 |a Vplyv transnacionálnych korporácií na nezávislý maloobchod na európskom vnútornom trhu  |b dizertačná práca  |c Katarína Ožvoldová ; škol. Jana Štofilová 
264 1 |a Bratislava  |c 2010 
300 |a 175 s. 
610 2 0 |a korporácie transnacionálne 
610 2 0 |a trh vnútorný 
610 2 0 |a maloobchod 
100 1 |a Ožvoldová, Katarína, 1984- 
700 1 |a Štofilová, Jana 
710 2 |a Ekonomická univerzita v Bratislave. Obchodná fakulta